书目信息 |
| 题名: |
19世纪俄罗斯绘画研究
|
|
| 作者: | 张洪忠 著 | |
| 分册: | ||
| 出版信息: | 北京 人民出版社 2021.3 |
|
| 页数: | 349页 | |
| 开本: | 24cm | |
| 丛书名: | ||
| 单 册: | ||
| 中图分类: | J205.512 | |
| 科图分类: | ||
| 主题词: | 绘画研究--俄罗斯--19世纪 | |
| 电子资源: | ||
| ISBN: | 978-7-01-021777-2 | |
| 000 | 01052nam0 2200265 45 | |
| 001 | 012001001275 | |
| 005 | 20130911085741.0 | |
| 010 | @a978-7-01-021777-2@dCNY129.00 | |
| 100 | @a20210323d2020 em y0chiy0110 ea | |
| 101 | 0 | @achi |
| 102 | @aCN@b110000 | |
| 105 | @aa z 000yy | |
| 106 | @ar | |
| 200 | 1 | @a19世纪俄罗斯绘画研究@A19 shi ji e luo si hui hua yan jiu@dThe study of Russian painting in the 19th century@f张洪忠著@zeng |
| 210 | @a北京@c人民出版社@d2021.3 | |
| 215 | @a349页@c图@d24cm | |
| 300 | @a山东艺术学院学术著作出版基金资助 | |
| 300 | @a并列题名:Study of Russian painting in the 19th century | |
| 330 | @a本书分为19世纪之前的俄罗斯绘画、19世纪上半期的俄罗斯绘画、批判现实主义的奠基者等12章,分析了19世纪俄罗斯绘画的基本特征,并对代表画家及作品做了较为深入的评析和介绍。 | |
| 510 | 1 | @aStudy of Russian painting in the 19th century@zeng |
| 606 | 0 | @a绘画研究@y俄罗斯@z19世纪 |
| 690 | @aJ205.512@v5 | |
| 701 | 0 | @a张洪忠@Azhang hong zhong@4著 |
| 801 | @aCN@b江苏凤凰@c20211018 | |
| 905 | @b1342870-3@dJ205.512@e1319@f4 | |
| 19世纪俄罗斯绘画研究=The study of Russian painting in the 19th century/张洪忠著.-北京:人民出版社,2021.3 |
| 349页:图;24cm |
| 山东艺术学院学术著作出版基金资助.-并列题名:Study of Russian painting in the 19th century |
| ISBN 978-7-01-021777-2:CNY129.00 |
| 本书分为19世纪之前的俄罗斯绘画、19世纪上半期的俄罗斯绘画、批判现实主义的奠基者等12章,分析了19世纪俄罗斯绘画的基本特征,并对代表画家及作品做了较为深入的评析和介绍。 |
| ● |
| 相关链接 |
|
|
|
|
正题名:19世纪俄罗斯绘画研究
索取号:J205.512/1319
 
预约/预借
| 序号 | 登录号 | 条形码 | 馆藏地/架位号 | 状态 | 备注 |
| 1 | 1342870 | 213428708 | 第一样本阅览室/ [索取号:J205.512/1319] | 在馆 | |
| 2 | 1342871 | 213428717 | 第一借阅区/ [索取号:J205.512/1319] | 在馆 | |
| 3 | 1342872 | 213428726 | 第一借阅区/ [索取号:J205.512/1319] | 在馆 | |
| 4 | 1342873 | 213428735 | 第一借阅区/ [索取号:J205.512/1319] | 在馆 |